banner-ar

رحلة محمد اسد : (Record no. 60896)

MARC details
000 -الفاتح
حقل البيانات ثابتة الطول 00664nam a22002057a 4500
005 - وقت وتاريخ اخر تعامل مع التسجيلة
رقم الضبط 20240530110433.0
008 - عناصر البيانات ثابتة الطول - معلومات عامة
حقل البيانات ثابتة الطول 150405s2010 ju a g 000 0 ara d
040 ## - مصدر الفهرسة
وكالة الفهرسة الأصلية EG-CaGPL
082 04 - رقم تصنيف ديوى العشرى
رقم الطبعة 21
رقم التصنيف 910.4953121\
رقم المادة م ر
100 0# - المدخل الرئيسى - إسم شخصى
الإسم الشخصى محمد اسد
245 10 - بيان العنوان
العنوان رحلة محمد اسد :
بقية العنوان الطريق الى مكة /
بيان المسئوليه,etc محمد اسد .
250 ## - بيان الطبعة
بيان الطبعة ط1.
260 ## - PUBLICATION, DISTRIBUTION, ETC. (IMPRINT)
تاريخ النشر أو التوزيع 2010.
300 ## - الوصف المادى
التعداد 367 ص ؛
أبعاد الوعاء 24 سم.
650 04 - المدخل الاضافى بالموضوع-مصطلح موضوعى
مصطلح موضوعي رحلة محمد اسد
651 04 - المدخل الاضافى بالموضوع - اسم جغرافى
الاسم الجغرافي مكة
التقسيم الفرعي العام وصف ورحلات.
651 04 - المدخل الاضافى بالموضوع - اسم جغرافى
الاسم الجغرافي السعودية
التقسيم الفرعي العام وصف ورحلات.
942 ## - عناصر المدخل الإضافي( كوها)
مصدر التصنيف او مخطط الترفيف Dewey Decimal Classification
Koha [default] item type كتاب
260 ## - PUBLICATION, DISTRIBUTION, ETC. (IMPRINT)
-- الاردن :
-- دار الامل ،
Holdings
حالة التراجع حالة الفقد حالة تلف ليس للاعارة المكان المؤقت الموقع الحالى تاريخ الاكتساب اجمالي اﻻعارات رقم الطلب الباركود تاريخ اخر مشاهدة تاريخ تفعيل السعر نوع وعاء كوها
        مكتبة القاهرة الكبرى مكتبة القاهرة الكبرى 04/05/2015   910.4953121\ م ر 160076 04/05/2015 04/05/2015 كتاب

Powered By

EGPV